Čerpáme skutečně ze zkušeností vyspělých tržních ekonomik?

Nový obsah pojmu súčasných československých družstiev. Obecné a správne pravidlá družstiev v krajinách západnej Európy. Zdroje príjmov členov družstiev. Vytvorenie predpokladov pre riešenie sociálnych a ekologických problémov.

Salvato in:
Dettagli Bibliografici
Autore principale: Stainerová, P.
Natura: Capitolo di libro
Lingua:ceco
Soggetti:
Tags: Aggiungi Tag
Nessun Tag, puoi essere il primo ad aggiungerne!!

MARC

LEADER 00000naa a2200000 4500
001 r005342
005 20221125075811.3
041 0 |a cze 
044 |a [CS] 
245 1 0 |a Čerpáme skutečně ze zkušeností vyspělých tržních ekonomik?  |c P. Stainerová 
520 |a Nový obsah pojmu súčasných československých družstiev. Obecné a správne pravidlá družstiev v krajinách západnej Európy. Zdroje príjmov členov družstiev. Vytvorenie predpokladov pre riešenie sociálnych a ekologických problémov. 
610 2 0 |a družstvá 
610 2 0 |a družstevníctvo 
610 2 0 |a hospodárstvo trhové 
610 2 0 |a západná Európa 
610 2 0 |a ČSFR 
610 2 0 |a rozvoj sociálny 
610 2 0 |a ekológia 
610 2 0 |a zdroje finančné 
610 2 0 |a príjmy 
100 1 |a Stainerová, P.